[Event "Chessable Masters Play In"]
[Site "Chess.com INT"]
[Date "2025.02.17"]
[Round "7"]
[White "Sindarov, Javokhir"]
[Black "Rozum, Ivan"]
[Result "1-0"]
[WhiteElo "2700"]
[BlackElo "2443"]
[PlyCount "103"]
[EventDate "2025.02.17"]
[EventType "swiss (blitz)"]
[EventRounds "9"]
[EventCountry "USA"]
[SourceTitle "CB08_2025"]
[SourceDate "2025.02.19"]
[SourceVersion "1"]
[SourceVersionDate "2025.02.19"]
[SourceQuality "1"]

1. e4 c5 2. Nf3 d6 3. d4 cxd4 4. Nxd4 Nf6 5. Bd3 Nc6 6. Be3 Ng4 7. Nxc6 bxc6 8. Bd4 e5 9. Bc3 Qh4 10. g3 Qh3 11. Nd2 Qg2 12. Qf3 Qxf3 13. Nxf3 Be7 14. 0-0 Be6 15. Rad1 f6 16. Bd2 d5 17. h3 Nh6 18. Bxh6 gxh6 19. Kh2 Kf7 20. Nh4 a5 21. a4 Rab8 22. b3 Rb4 23. Rfe1 Kg7 24. exd5 cxd5 25. Nf5+ Bxf5 26. Bxf5 Rd8 27. Be6 Bc5 28. Kg2 Rd4 29. Rd3 Rxd3 30. cxd3 Rd6 31. Bf5 Rb6 32. Rc1 Bd6 33. Rc8 Rxb3 34. Rd8 Bc5 35. Rxd5 Bb6 36. f4 exf4 37. gxf4 Rb4 38. Kf3 Rxa4 39. Rd7+ Kf8 40. Be4 Ra2 41. Rd6 Rf2+ 42. Kg3 Be3 43. Rxf6+ Kg7 44. Rf5 a4 45. Bd5 a3 46. Rf7+ Kg6 47. Re7 Bc5 48. Re6+ Kf5 49. Rc6 Rxf4 50. Rxc5 Rd4 51. Be4+ Kf6 52. Ra5 1-0

[Event "Chessable Masters Play In"]
[Site "Chess.com INT"]
[Date "2025.02.17"]
[Round "5"]
[White "Tabatabaei, Mohammad Amin"]
[Black "Sindarov, Javokhir"]
[Result "1-0"]
[WhiteElo "2666"]
[BlackElo "2700"]
[PlyCount "171"]
[EventDate "2025.02.17"]
[EventType "swiss (blitz)"]
[EventRounds "9"]
[EventCountry "USA"]
[SourceTitle "CB08_2025"]
[SourceDate "2025.02.19"]
[SourceVersion "1"]
[SourceVersionDate "2025.02.19"]
[SourceQuality "1"]

1. d4 Nf6 2. c4 g6 3. g3 c5 4. dxc5 Na6 5. Bg2 Nxc5 6. Nc3 Bg7 7. Nh3 0-0 8. 0-0 d6 9. Nf4 Bf5 10. Be3 Nce4 11. Nxe4 Bxe4 12. Bxe4 Nxe4 13. Qc2 Nf6 14. Rad1 Qc8 15. Qb3 Qc6 16. Rc1 Rfc8 17. Rfd1 b6 18. a4 Qe4 19. f3 Qf5 20. Qb5 Nd7 21. Nd5 Kf8 22. Bf2 Nc5 23. b4 Nb3 24. g4 Qe6 25. Rc2 h5 26. h3 Na1 27. Ra2 Nb3 28. a5 hxg4 29. hxg4 bxa5 30. Qa4 Nd4 31. Bxd4 Bxd4+ 32. Rxd4 Qe5 33. Re4 Qg3+ 34. Kf1 e6 35. Nf4 d5 36. Nxe6+ fxe6 37. Rd4 Ke7 38. Qxa5 Rh8 39. Qc5+ Kf7 40. Rxa7+ Rxa7 41. Qxa7+ Kf6 42. g5+ Qxg5 43. Rg4 Qc1+ 44. Kf2 Rh2+ 45. Rg2 Rxg2+ 46. Kxg2 Qxc4 47. Qa1+ e5 48. Qb2 Qb5 49. Kf1 d4 50. Qa3 Qc4 51. Qb2 Qb5 52. Qb3 g5 53. Kf2 Qb6 54. b5 d3+ 55. e3 Qd6 56. Ke1 e4 57. fxe4 d2+ 58. Kd1 g4 59. Qb2+ Ke7 60. Qxd2 Qc5 61. Qd4 Qxb5 62. Ke1 Ke8 63. Qd5 Qb2 64. Kf1 Kf8 65. Qg5 Qc1+ 66. Kf2 Qd2+ 67. Kg3 Qe1+ 68. Kxg4 Qg1+ 69. Kf4 Qf1+ 70. Ke5 Qb5+ 71. Kf4 Qb6 72. Kg4 Qf6 73. Qf5 Kg7 74. Qxf6+ Kxf6 75. Kf4 Ke6 76. e5 Ke7 77. Ke4 Kf7 78. Kd4 Ke7 79. e4 Ke8 80. Kd5 Kd8 81. e6 Ke8 82. Ke5 Ke7 83. Kf5 Ke8 84. Kf6 Kf8 85. e7+ Ke8 86. e5 1-0

[Event "Bundesliga 2425"]
[Site "Germany"]
[Date "2025.02.02"]
[Round "8.4"]
[White "Banusz, Tamas"]
[Black "Sindarov, Javokhir"]
[Result "0-1"]
[WhiteElo "2605"]
[BlackElo "2677"]
[PlyCount "124"]
[EventDate "2024.09.28"]
[EventType "team-tourn"]
[EventRounds "15"]
[EventCountry "GER"]
[SourceTitle "CB06_2025"]
[SourceDate "2025.02.05"]
[SourceVersion "1"]
[SourceVersionDate "2025.02.05"]
[SourceQuality "1"]
[WhiteTeam "Deizisau"]
[BlackTeam "Duesseldorf"]
[WhiteTeamCountry "GER"]
[BlackTeamCountry "GER"]

1. d4 Nf6 2. g3 d5 3. Nf3 Bf5 4. Bg2 h6 5. c4 c6 6. Nc3 e6 7. Qb3 Qb6 8. c5 Qc7 9. Bf4 Qc8 10. a4 Be7 11. a5 0-0 12. 0-0 Nh5 13. Bd6 Bxd6 14. cxd6 Nf6 15. Ne5 Rd8 16. f3 Rxd6 17. e4 Bh7 18. Nxf7 Kxf7 19. e5 Rd8 20. exf6 gxf6 21. Ne2 Rd6 22. Rae1 Nd7 23. Bh3 Qh8 24. Qb4 Qf8 25. Rf2 Rb8 26. Nf4 e5 27. Bxd7 Rxd7 28. Qxf8+ Rxf8 29. dxe5 fxe5 30. Rxe5 Re8 31. Rxe8 Kxe8 32. Re2+ Kf7 33. Kf2 d4 34. b4 b6 35. axb6 axb6 36. Re1 Bc2 37. Ke2 Ra7 38. Kd2 Ra2 39. Re2 Ba4+ 40. Kc1 Rxe2 41. Nxe2 c5 42. bxc5 bxc5 43. g4 Bc6 44. f4 Bf3 45. Ng3 Bxg4 46. Ne4 Ke6 47. Nxc5+ Kd5 48. Nd3 Ke4 49. Kd2 Bf5 50. Ke2 h5 51. Nc5+ Kxf4 52. Nb3 Ke4 53. Nd2+ Kf4 54. Nb3 Ke5 55. Nd2 Bg4+ 56. Kf2 Kf4 57. Nb3 Ke4 58. Nc5+ Kd5 59. Nd3 Kc4 60. Nf4 Kc3 61. Ke1 Kc2 62. h3 Bd7 0-1

[Event "Bundesliga 2425"]
[Site "Germany"]
[Date "2025.02.01"]
[Round "7.4"]
[White "Sindarov, Javokhir"]
[Black "Vachier Lagrave, Maxime"]
[Result "1-0"]
[WhiteElo "2677"]
[BlackElo "2731"]
[PlyCount "67"]
[EventDate "2024.09.28"]
[EventType "team-tourn"]
[EventRounds "15"]
[EventCountry "GER"]
[SourceTitle "CB06_2025"]
[SourceDate "2025.02.05"]
[SourceVersion "1"]
[SourceVersionDate "2025.02.05"]
[SourceQuality "1"]
[WhiteTeam "Duesseldorf"]
[BlackTeam "Baden-Baden"]
[WhiteTeamCountry "GER"]
[BlackTeamCountry "GER"]

1. c4 e5 2. g3 c6 3. Nf3 e4 4. Nd4 d5 5. cxd5 Qxd5 6. Nc2 Nf6 7. Nc3 Qe5 8. Bg2 Be7 9. b4 0-0 10. Bb2 Re8 11. Qb1 Qh5 12. Nxe4 Nxe4 13. Bxe4 Bh3 14. Bf3 Qg5 15. g4 Nd7 16. Rg1 h5 17. Ne3 Bf6 18. Rg3 hxg4 19. Bxg4 Rxe3 20. dxe3 Bxg4 21. h3 Qd5 22. Rxg4 Qh1+ 23. Kd2 Qd5+ 24. Bd4 Ne5 25. Qb3 Nc4+ 26. Kc2 a5 27. Rd1 b5 28. Bxf6 Qf5+ 29. Qd3 Qxf6 30. Qd4 Qh6 31. bxa5 f5 32. Rg3 Rxa5 33. Rdg1 Rxa2+ 34. Kc1 1-0

[Event "Titled Tuesday intern op 21st Jan Late"]
[Site "Chess.com INT"]
[Date "2025.01.21"]
[Round "2"]
[White "Ochirbat, Lkhagvajamts"]
[Black "Sindarov, Javokhir"]
[Result "0-1"]
[WhiteElo "2271"]
[BlackElo "2692"]
[PlyCount "118"]
[EventDate "2025.01.21"]
[EventType "swiss (blitz)"]
[EventRounds "11"]
[EventCountry "USA"]
[SourceTitle "CB05_2025"]
[SourceDate "2025.01.29"]
[SourceVersion "1"]
[SourceVersionDate "2025.01.29"]
[SourceQuality "1"]

1. d4 Nf6 2. c4 g6 3. Nc3 Bg7 4. e4 d6 5. Nf3 0-0 6. Be2 c5 7. 0-0 cxd4 8. Nxd4 Nc6 9. Be3 Bd7 10. Rc1 Nxd4 11. Bxd4 Bc6 12. f3 a5 13. b3 Nd7 14. Bxg7 Kxg7 15. Qd4+ f6 16. Rfd1 Qb6 17. Qxb6 Nxb6 18. Kf2 Nd7 19. Ke3 Nc5 20. Rb1 f5 21. exf5 gxf5 22. a3 Rf6 23. b4 axb4 24. axb4 Ra3 25. bxc5 Rxc3+ 26. Kd2 Ra3 27. cxd6 Rxd6+ 28. Ke1 Rg6 29. Kf2 Ra2 30. Rd3 e5 31. Rbd1 e4 32. R3d2 Ra3 33. fxe4 fxe4 34. Rd7+ Bxd7 35. Rxd7+ Kh6 36. Rxb7 e3+ 37. Kf3 Rf6+ 38. Kg3 Ra5 39. Re7 Rg5+ 40. Kh3 Rf2 41. Bf3 e2 42. Rxe2 Rgxg2 43. Re6+ Rg6 44. Rxg6+ hxg6 45. Kg3 Rc2 46. Bd5 Kg5 47. Kh3 Kf4 48. Bf7 g5 49. Be6 Re2 50. Bd7 Rd2 51. Be6 Rc2 52. c5 Rxc5 53. Kg2 Rc2+ 54. Kg1 Rd2 55. Bh3 Kf3 56. Bf1 Rd1 57. h3 Kg3 58. h4 gxh4 59. Kh1 Rxf1# 0-1

[Event "Titled Tuesday intern op 21st Jan Late"]
[Site "Chess.com INT"]
[Date "2025.01.21"]
[Round "1"]
[White "Sindarov, Javokhir"]
[Black "Diaz Mino, Pablo"]
[Result "1-0"]
[WhiteElo "2692"]
[BlackElo "2255"]
[PlyCount "103"]
[EventDate "2025.01.21"]
[EventType "swiss (blitz)"]
[EventRounds "11"]
[EventCountry "USA"]
[SourceTitle "CB05_2025"]
[SourceDate "2025.01.29"]
[SourceVersion "1"]
[SourceVersionDate "2025.01.29"]
[SourceQuality "1"]

1. e4 e5 2. Nf3 Nc6 3. Bc4 Nf6 4. Ng5 d5 5. exd5 Na5 6. Bb5+ c6 7. dxc6 bxc6 8. Bd3 Ng4 9. Ne4 f5 10. Be2 h5 11. h3 fxe4 12. hxg4 Bc5 13. b4 Qd4 14. bxc5 0-0 15. 0-0 Qxa1 16. Nc3 e3 17. gxh5 exf2+ 18. Rxf2 Rxf2 19. Kxf2 Be6 20. Ba3 Rf8+ 21. Ke1 Qxd1+ 22. Bxd1 Nc4 23. Bc1 Na5 24. d3 Nb7 25. Be3 Bd5 26. Nxd5 cxd5 27. Bf3 e4 28. dxe4 dxe4 29. Bxe4 Re8 30. Bd5+ Kf8 31. Kd2 Na5 32. c6 Rc8 33. Bc5+ Ke8 34. Bd4 Kf8 35. Bxa7 Nxc6 36. Bc5+ Ke8 37. Be4 Ne5 38. Bd4 Nc4+ 39. Kd3 Kf8 40. a4 Na5 41. Bd5 Nc6 42. Bxc6 Rxc6 43. a5 Kf7 44. c4 Rh6 45. g4 g6 46. Be3 Rh8 47. h6 Ke6 48. a6 Rd8+ 49. Kc3 Kd6 50. Bd4 Rd7 51. a7 Rd8 52. h7 1-0

[Event "Titled Tuesday intern op 21st Jan Late"]
[Site "Chess.com INT"]
[Date "2025.01.21"]
[Round "5"]
[White "Sindarov, Javokhir"]
[Black "Injac, Teodora"]
[Result "1-0"]
[WhiteElo "2692"]
[BlackElo "2453"]
[PlyCount "39"]
[EventDate "2025.01.21"]
[EventType "swiss (blitz)"]
[EventRounds "11"]
[EventCountry "USA"]
[SourceTitle "CB05_2025"]
[SourceDate "2025.01.29"]
[SourceVersion "1"]
[SourceVersionDate "2025.01.29"]
[SourceQuality "1"]

1. e4 e6 2. Nf3 d5 3. Nc3 Nf6 4. e5 Nfd7 5. d4 c5 6. Ne2 Nc6 7. c3 Be7 8. Nf4 0-0 9. Bd3 a5 10. a3 a4 11. h4 h6 12. Bc2 Re8 13. Rh3 cxd4 14. cxd4 Qa5+ 15. Bd2 Qb6 16. Bc3 Nf8 17. Rg3 Kh8 18. Nh5 g6 19. Qd2 Kh7 20. Qf4 1-0

[Event "Titled Tuesday intern op 21st Jan Late"]
[Site "Chess.com INT"]
[Date "2025.01.21"]
[Round "7"]
[White "Sindarov, Javokhir"]
[Black "Perez Ponsa, Federico"]
[Result "1-0"]
[WhiteElo "2692"]
[BlackElo "2528"]
[PlyCount "119"]
[EventDate "2025.01.21"]
[EventType "swiss (blitz)"]
[EventRounds "11"]
[EventCountry "USA"]
[SourceTitle "CB05_2025"]
[SourceDate "2025.01.29"]
[SourceVersion "1"]
[SourceVersionDate "2025.01.29"]
[SourceQuality "1"]

1. e4 c5 2. Nf3 d6 3. d4 cxd4 4. Nxd4 Nf6 5. Bd3 Nc6 6. Be3 g6 7. h3 Bg7 8. c4 Ng4 9. hxg4 Bxd4 10. Bxd4 Nxd4 11. Nc3 Qa5 12. f3 h5 13. Rc1 Be6 14. Qd2 Rc8 15. Nd5 Qxd2+ 16. Kxd2 Kd7 17. gxh5 gxh5 18. Rh4 Rcg8 19. Nf4 Nc6 20. Rch1 Ne5 21. b3 Ng6 22. Rxh5 Rxh5 23. Nxh5 Rh8 24. Ke3 a5 25. Be2 Rg8 26. g4 Ne5 27. Nf4 a4 28. Nxe6 fxe6 29. b4 Ng6 30. f4 e5 31. f5 Nf4 32. Bf3 Rc8 33. g5 Rxc4 34. g6 Rc8 35. Bg4 Rc3+ 36. Kd2 Rg3 37. Rh4 Ke8 38. Rh8+ Kd7 39. Rh4 Ke8 40. Rh8+ Kd7 41. g7 Rxg4 42. g8Q Rxg8 43. Rxg8 Nh5 44. Ra8 Nf6 45. Kd3 d5 46. exd5 Nxd5 47. Rxa4 e4+ 48. Kd4 e3 49. Ra5 Nxb4 50. Kxe3 Kd6 51. Ke4 Na6 52. Rd5+ Kc6 53. Ke5 Nc5 54. Rxc5+ Kxc5 55. Ke6 Kb4 56. Kxe7 Ka3 57. f6 b5 58. f7 Kxa2 59. f8Q b4 60. Qf2+ 1-0

[Event "Titled Tuesday intern op 21st Jan Late"]
[Site "Chess.com INT"]
[Date "2025.01.21"]
[Round "4"]
[White "Szpar, Milosz"]
[Black "Sindarov, Javokhir"]
[Result "1-0"]
[WhiteElo "2457"]
[BlackElo "2692"]
[PlyCount "65"]
[EventDate "2025.01.21"]
[EventType "swiss (blitz)"]
[EventRounds "11"]
[EventCountry "USA"]
[SourceTitle "CB05_2025"]
[SourceDate "2025.01.29"]
[SourceVersion "1"]
[SourceVersionDate "2025.01.29"]
[SourceQuality "1"]

1. e4 c5 2. c3 d5 3. exd5 Qxd5 4. d4 g6 5. Nf3 Bg7 6. Na3 cxd4 7. Nb5 Na6 8. Nbxd4 Nf6 9. Bb5+ Bd7 10. Bxa6 bxa6 11. 0-0 0-0 12. Re1 Rfe8 13. Ne5 Rad8 14. Qb3 Bb5 15. Bg5 Ne4 16. Qxd5 Rxd5 17. Rxe4 Bxe5 18. Nf3 Bg7 19. c4 Rxg5 20. Nxg5 Bc6 21. Re2 a5 22. Rd1 a4 23. Nf3 Rb8 24. Nd4 Ba8 25. Rxe7 Rd8 26. Rde1 Kf8 27. Nf3 Bf6 28. R7e2 Bxf3 29. gxf3 Rd3 30. Kg2 h5 31. Rc2 Bd4 32. Ree2 Bc5 33. Red2 1-0

[Event "Titled Tuesday intern op 21st Jan Late"]
[Site "Chess.com INT"]
[Date "2025.01.21"]
[Round "6"]
[White "Vasquez Schroder, Rodrigo Rafael"]
[Black "Sindarov, Javokhir"]
[Result "0-1"]
[WhiteElo "2446"]
[BlackElo "2692"]
[PlyCount "136"]
[EventDate "2025.01.21"]
[EventType "swiss (blitz)"]
[EventRounds "11"]
[EventCountry "USA"]
[SourceTitle "CB05_2025"]
[SourceDate "2025.01.29"]
[SourceVersion "1"]
[SourceVersionDate "2025.01.29"]
[SourceQuality "1"]

1. e4 e5 2. Nf3 Nc6 3. Bb5 a6 4. Ba4 Nf6 5. 0-0 Bc5 6. Bxc6 dxc6 7. d3 Bg4 8. Be3 Bd6 9. Nbd2 Qe7 10. Nc4 Nd7 11. h3 Bh5 12. Na5 Rb8 13. Ba7 Ra8 14. Be3 Bc5 15. Qe2 0-0 16. c3 Rab8 17. b4 Bd6 18. Ba7 Ra8 19. Be3 Rab8 20. Ba7 Ra8 21. Be3 Rfb8 22. a3 Nf8 23. Rfb1 Ne6 24. Nc4 f6 25. Ncd2 Rd8 26. Nf1 Qe8 27. Ng3 Bf7 28. Nf5 Bf8 29. Rd1 a5 30. Qc2 b6 31. Rab1 axb4 32. axb4 c5 33. bxc5 Nxc5 34. Rb2 Qa4 35. Bxc5 Qxc2 36. Rxc2 Bxc5 37. Rcc1 Ba3 38. Rb1 Ba2 39. Rb5 Bc4 40. Rbb1 Bxd3 41. Ra1 Bxe4 42. Rxd8+ Rxd8 43. Nxg7 Kxg7 44. Rxa3 Bxf3 45. gxf3 Rd3 46. Kg2 Kg6 47. Rb3 Kg5 48. Ra3 Kf5 49. Rb3 Ke6 50. Ra3 Kd6 51. h4 Kc5 52. Ra7 Kc6 53. Ra3 Kb5 54. Kg3 e4 55. Kf4 Rxf3+ 56. Kxe4 Rxf2 57. Kd4 Rf4+ 58. Kd5 Rxh4 59. Rb3+ Ka6 60. Kc6 Rc4+ 61. Kd5 Rc5+ 62. Kd4 h5 63. c4 Kb7 64. Rf3 h4 65. Rxf6 Rh5 66. Rf2 h3 67. Rh2 Kc6 68. Rxh3 Rxh3 0-1

[Event "Titled Tuesday intern op 21st Jan Late"]
[Site "Chess.com INT"]
[Date "2025.01.21"]
[Round "8"]
[White "Yoo, Christopher Woojin"]
[Black "Sindarov, Javokhir"]
[Result "1-0"]
[WhiteElo "2588"]
[BlackElo "2692"]
[PlyCount "101"]
[EventDate "2025.01.21"]
[EventType "swiss (blitz)"]
[EventRounds "11"]
[EventCountry "USA"]
[SourceTitle "CB05_2025"]
[SourceDate "2025.01.29"]
[SourceVersion "1"]
[SourceVersionDate "2025.01.29"]
[SourceQuality "1"]

1. e4 c5 2. Nf3 e6 3. c3 d5 4. exd5 exd5 5. Bb5+ Nc6 6. 0-0 Bd6 7. d4 Nge7 8. dxc5 Bxc5 9. Nbd2 0-0 10. Nb3 Bb6 11. h3 a6 12. Bd3 Nf5 13. Bf4 Qf6 14. Qd2 h6 15. Rae1 Rd8 16. Ne5 Nh4 17. Nxc6 bxc6 18. Be5 Qg5 19. Qxg5 hxg5 20. Bd4 Bc7 21. Nc5 a5 22. Re2 Nf5 23. Rfe1 Kf8 24. Be5 Bb6 25. Na4 Ba7 26. Bc7 Bd7 27. Bxd8 Rxd8 28. Bxf5 Bxf5 29. Re7 Bb8 30. Rb7 g6 31. Nc5 Bd6 32. Nb3 a4 33. Nd4 Bd7 34. Nf3 c5 35. Nxg5 d4 36. cxd4 cxd4 37. Rd1 Be8 38. Rd3 Rc8 39. Kf1 Rc1+ 40. Ke2 Rc2+ 41. Kd1 Rxf2 42. Ne4 Bc6 43. Nxf2 Bxb7 44. Rxd4 Bc5 45. Rd7 Bxg2 46. Nd3 Be7 47. Nf4 Bf3+ 48. Kd2 g5 49. Nd5 Bc5 50. Nf6 Kg7 51. Ng4 1-0

[Event "Bundesliga 2425"]
[Site "Germany"]
[Date "2025.01.12"]
[Round "6.3"]
[White "Christiansen, Johan Sebastian"]
[Black "Sindarov, Javokhir"]
[Result "0-1"]
[WhiteElo "2661"]
[BlackElo "2677"]
[PlyCount "134"]
[EventDate "2024.09.28"]
[EventType "team-tourn"]
[EventRounds "15"]
[EventCountry "GER"]
[SourceTitle "CB06_2025"]
[SourceDate "2025.02.05"]
[SourceVersion "1"]
[SourceVersionDate "2025.02.05"]
[SourceQuality "1"]
[WhiteTeam "St Pauli"]
[BlackTeam "Duesseldorf"]
[WhiteTeamCountry "GER"]
[BlackTeamCountry "GER"]

1. e4 c5 2. Nf3 e6 3. Nc3 Nc6 4. Bb5 Nd4 5. 0-0 a6 6. Bd3 Nc6 7. Nd5 g6 8. c3 Bg7 9. Re1 d6 10. Ne3 Nge7 11. Bb1 d5 12. d4 cxd4 13. cxd4 dxe4 14. Bxe4 0-0 15. Nc4 Nxd4 16. Be3 e5 17. Nfxe5 Nef5 18. Bd2 Rb8 19. Bc3 Be6 20. Bxf5 Nxf5 21. Qxd8 Rfxd8 22. Nb6 Nd4 23. Nbd7 Bxd7 24. Bxd4 Be6 25. Bc3 Rbc8 26. a3 Rc5 27. f4 Rcd5 28. h3 Bh6 29. Re4 Bf5 30. Rb4 b5 31. Ng4 Bxg4 32. hxg4 Re8 33. Re1 Rxe1+ 34. Bxe1 f5 35. gxf5 gxf5 36. Kf1 Bg7 37. Ke2 Kf7 38. Bc3 a5 39. Rb3 a4 40. Rb4 Bf8 41. Rd4 Ke6 42. Kd3 Bd6 43. Rxd5 Kxd5 44. Bd2 h5 45. Be3 b4 46. axb4 Bxb4 47. Bd4 Bd6 48. Be3 Bc5 49. Bd2 Bd4 50. Bc3 Bc5 51. Be5 Bb4 52. Bc7 Bf8 53. Be5 Bh6 54. Ke3 Kc4 55. Kf3 Bf8 56. Kg3 Be7 57. Kh3 Kd3 58. g3 Ke2 59. Bd4 Kf3 60. Be5 Bd8 61. Bg7 Bb6 62. Kh4 Bf2 63. Kxh5 Bxg3 64. Kg5 Ke4 65. Be5 Bf2 66. Kf6 Be3 67. Kg5 Bc1 0-1

[Event "Wch Blitz"]
[Site "New York"]
[Date "2024.12.30"]
[Round "12"]
[White "Hong, Andrew Z"]
[Black "Sindarov, Javokhir"]
[Result "0-1"]
[WhiteElo "2572"]
[BlackElo "2682"]
[PlyCount "94"]
[EventDate "2024.12.30"]
[EventType "swiss (blitz)"]
[EventRounds "13"]
[EventCountry "USA"]
[SourceTitle "CB01_2025"]
[SourceDate "2025.01.01"]
[SourceVersion "1"]
[SourceVersionDate "2025.01.01"]
[SourceQuality "1"]

1. e4 c5 2. Nf3 e6 3. c3 d5 4. e5 d4 5. d3 Nc6 6. g3 Qc7 7. Qe2 Nge7 8. Bg2 dxc3 9. bxc3 b6 10. a4 Ba6 11. Na3 Nd5 12. Nb5 Qd7 13. 0-0 Be7 14. Ng5 0-0 15. Qh5 Bxg5 16. Qxg5 Rad8 17. Be4 h6 18. Qh5 f5 19. exf6 Nxf6 20. Qe2 Nxe4 21. dxe4 Ne5 22. Bf4 Nd3 23. Be3 Bb7 24. Rad1 Bxe4 25. f3 Bg6 26. Qa2 a6 27. Na3 Qxa4 28. Qxe6+ Bf7 29. Qg4 Qxa3 30. Bxh6 Qxc3 31. Kg2 Qd4 32. f4 Qe4+ 33. Kg1 Qg6 34. Bg5 Rd4 35. h4 Re8 36. Qf3 Qe4 37. Qg4 Qe6 38. Qf3 Qe3+ 39. Kh2 Qxf3 40. Rxf3 Re2+ 41. Kg1 c4 42. f5 Bd5 43. Re3 Re4 44. Rxe4 Bxe4 45. f6 gxf6 46. Bxf6 Rg2+ 47. Kf1 Rf2+ 0-1

[Event "Wch Blitz"]
[Site "New York"]
[Date "2024.12.30"]
[Round "2"]
[White "Kacharava, Nikoloz"]
[Black "Sindarov, Javokhir"]
[Result "0-1"]
[WhiteElo "2510"]
[BlackElo "2682"]
[PlyCount "86"]
[EventDate "2024.12.30"]
[EventType "swiss (blitz)"]
[EventRounds "13"]
[EventCountry "USA"]
[SourceTitle "CB01_2025"]
[SourceDate "2025.01.01"]
[SourceVersion "1"]
[SourceVersionDate "2025.01.01"]
[SourceQuality "1"]

1. e4 c5 2. Nf3 e6 3. d4 cxd4 4. Nxd4 Nf6 5. Nc3 Nc6 6. Be2 Bb4 7. 0-0 Bxc3 8. bxc3 Nxe4 9. Nxc6 dxc6 10. Bd3 Nc5 11. Ba3 Nxd3 12. cxd3 Qa5 13. Bb4 Qf5 14. d4 b6 15. Re1 f6 16. a4 Kf7 17. a5 c5 18. dxc5 bxc5 19. Ba3 Re8 20. Qd6 Bb7 21. Bxc5 Kg8 22. Be3 a6 23. Rab1 Rad8 24. Qb6 Be4 25. Rb4 Qg6 26. g3 Qf5 27. Bf4 Ba8 28. Qxa6 Qd5 29. Rbe4 e5 30. Bc1 f5 31. c4 Qd7 32. R4e2 f4 33. Qb6 Bf3 34. Qb3 Bxe2 35. Rxe2 Qd1+ 36. Qxd1 Rxd1+ 37. Kg2 Rxc1 38. gxf4 Rxc4 39. fxe5 Ra4 40. f4 Rxf4 41. Ra2 Rxe5 42. a6 Rf8 43. a7 Ra8 0-1

[Event "Wch Blitz"]
[Site "New York"]
[Date "2024.12.30"]
[Round "4"]
[White "Kobalia, Mihail"]
[Black "Sindarov, Javokhir"]
[Result "0-1"]
[WhiteElo "2543"]
[BlackElo "2682"]
[PlyCount "134"]
[EventDate "2024.12.30"]
[EventType "swiss (blitz)"]
[EventRounds "13"]
[EventCountry "USA"]
[SourceTitle "CB01_2025"]
[SourceDate "2025.01.01"]
[SourceVersion "1"]
[SourceVersionDate "2025.01.01"]
[SourceQuality "1"]

1. e4 e5 2. Nf3 Nc6 3. Bb5 a6 4. Ba4 Nf6 5. 0-0 d6 6. Re1 Bd7 7. Bxc6 Bxc6 8. d4 Be7 9. Nc3 exd4 10. Nxd4 Bd7 11. Bf4 0-0 12. h3 Re8 13. Qf3 b5 14. a3 c5 15. Nde2 b4 16. axb4 cxb4 17. Nb1 Bf8 18. Nd2 Qb6 19. Bg5 Be7 20. b3 Qc5 21. Bf4 a5 22. Be3 Qxc2 23. Rec1 Qd3 24. Nf4 Qb5 25. Bd4 a4 26. bxa4 Rxa4 27. Rxa4 Qxa4 28. Nc4 Qc6 29. Bb2 Qxe4 30. Qxe4 Nxe4 31. Nd5 Bf8 32. Nxb4 Rc8 33. Nd5 Be6 34. Nce3 Rxc1+ 35. Bxc1 Nc5 36. Ba3 h6 37. g4 Nd3 38. Kf1 g5 39. Ke2 Ne5 40. f4 gxf4 41. Nxf4 Bc8 42. Nfd5 Kg7 43. Bb2 f6 44. Ng2 Kf7 45. Ngf4 Bg7 46. Ba3 Nc4 47. Bb4 f5 48. Kd3 Ne5+ 49. Kc2 fxg4 50. hxg4 Bf8 51. Ne3 Nxg4 52. Nxg4 Bxg4 53. Kd3 Kf6 54. Ke4 Bf5+ 55. Kd5 Kg5 56. Ne2 Bg4 57. Nd4 h5 58. Bd2+ Kf6 59. Bf4 h4 60. Ke4 h3 61. Bg3 Kg5 62. Bf4+ Kh4 63. Bh2 Be7 64. Kd5 Kg5 65. Ke4 Kf6 66. Kd5 Bc8 67. Nc6 Bb7 0-1

[Event "Wch Blitz"]
[Site "New York"]
[Date "2024.12.30"]
[Round "8"]
[White "Lodici, Lorenzo"]
[Black "Sindarov, Javokhir"]
[Result "1/2-1/2"]
[WhiteElo "2564"]
[BlackElo "2682"]
[PlyCount "47"]
[EventDate "2024.12.30"]
[EventType "swiss (blitz)"]
[EventRounds "13"]
[EventCountry "USA"]
[SourceTitle "CB01_2025"]
[SourceDate "2025.01.01"]
[SourceVersion "1"]
[SourceVersionDate "2025.01.01"]
[SourceQuality "1"]

1. e4 e5 2. Nf3 Nc6 3. Bc4 Nf6 4. d3 h6 5. Nc3 Bb4 6. 0-0 Bxc3 7. bxc3 d6 8. Nd2 0-0 9. Bb3 Be6 10. f4 exf4 11. Rxf4 Bxb3 12. axb3 d5 13. d4 dxe4 14. Nxe4 Nxe4 15. Rxe4 Qd7 16. d5 Rfe8 17. Rxe8+ Rxe8 18. Bxh6 gxh6 19. dxc6 Qxc6 20. Qg4+ Kf8 21. Qb4+ Kg8 22. Qg4+ Kf8 23. Qb4+ Kg8 24. Qg4+ 1/2-1/2

[Event "Wch Blitz"]
[Site "New York"]
[Date "2024.12.30"]
[Round "11"]
[White "Sindarov, Javokhir"]
[Black "Dardha, Daniel"]
[Result "0-1"]
[WhiteElo "2682"]
[BlackElo "2639"]
[PlyCount "154"]
[EventDate "2024.12.30"]
[EventType "swiss (blitz)"]
[EventRounds "13"]
[EventCountry "USA"]
[SourceTitle "CB01_2025"]
[SourceDate "2025.01.01"]
[SourceVersion "1"]
[SourceVersionDate "2025.01.01"]
[SourceQuality "1"]

1. e4 c5 2. Nf3 Nc6 3. Bb5 e6 4. 0-0 Nge7 5. Re1 a6 6. Bf1 d5 7. d3 d4 8. e5 Ng6 9. g3 Qc7 10. Bg2 Ngxe5 11. Nxe5 Nxe5 12. Bf4 Bd6 13. Qh5 Ng6 14. Bxd6 Qxd6 15. Nd2 0-0 16. Ne4 Qd8 17. Qxc5 b6 18. Qh5 Ra7 19. c4 dxc3 20. bxc3 h6 21. d4 Rd7 22. a4 Rd5 23. Qe2 Ra5 24. Nd2 Bd7 25. Reb1 Bxa4 26. Qd3 Qc7 27. c4 Rd8 28. Qc3 Bc6 29. Rxa5 bxa5 30. c5 Ne7 31. Bxc6 Nxc6 32. Nf3 Qd7 33. Rb6 Nxd4 34. Nxd4 Qxd4 35. Qxd4 Rxd4 36. Rxa6 a4 37. c6 Rc4 38. Kg2 g5 39. c7 Rxc7 40. Rxa4 Kg7 41. h4 f5 42. hxg5 hxg5 43. Ra8 Kf6 44. Rf8+ Ke5 45. Rg8 Kf6 46. Rf8+ Rf7 47. Re8 g4 48. Ra8 Rd7 49. Ra5 Rd5 50. Ra1 Rd6 51. Ra8 e5 52. Rf8+ Ke6 53. Re8+ Kd5 54. Rf8 Ke4 55. Rf7 Rd3 56. Rf8 Rd7 57. Rf6 Rd2 58. Rf8 Rc2 59. Rf7 f4 60. gxf4 exf4 61. Re7+ Kf5 62. Kg1 Ra2 63. Re8 Rc2 64. Re7 f3 65. Rf7+ Kg6 66. Rf8 Kg5 67. Rg8+ Kf5 68. Rf8+ Ke5 69. Re8+ Kf4 70. Rf8+ Ke4 71. Re8+ Kd3 72. Rd8+ Ke2 73. Re8+ Kd1 74. Rg8 Ke1 75. Ra8 Rd2 76. Ra1+ Ke2 77. Ra8 Rd1+ 0-1

[Event "Wch Blitz"]
[Site "New York"]
[Date "2024.12.30"]
[Round "5"]
[White "Sindarov, Javokhir"]
[Black "Duda, Jan Krzysztof"]
[Result "0-1"]
[WhiteElo "2682"]
[BlackElo "2740"]
[PlyCount "78"]
[EventDate "2024.12.30"]
[EventType "swiss (blitz)"]
[EventRounds "13"]
[EventCountry "USA"]
[SourceTitle "CB01_2025"]
[SourceDate "2025.01.01"]
[SourceVersion "1"]
[SourceVersionDate "2025.01.01"]
[SourceQuality "1"]

1. e4 c5 2. Nf3 Nf6 3. e5 Nd5 4. Nc3 Nxc3 5. dxc3 Nc6 6. Bf4 Qb6 7. Rb1 Qc7 8. Bd3 e6 9. Bg3 b6 10. Qe2 Bb7 11. 0-0 h6 12. Rbd1 Rd8 13. Be4 d5 14. exd6 Bxd6 15. Rxd6 Rxd6 16. Bxd6 Qxd6 17. Rd1 Qc7 18. Bxc6+ Bxc6 19. Qe5 Qxe5 20. Nxe5 Be4 21. Rd2 f6 22. f3 fxe5 23. fxe4 Rf8 24. g3 Ke7 25. Kg2 c4 26. b4 b5 27. Rd1 a5 28. Rb1 Ra8 29. Kf3 axb4 30. Rxb4 Rxa2 31. Rxb5 Rxc2 32. Rxe5 Rxc3+ 33. Kf4 Rc2 34. h4 Kd6 35. Ra5 c3 36. Ke3 Rg2 37. h5 c2 38. Ra1 Rxg3+ 39. Kd2 Rg2+ 0-1